[Event "Muensterland Verbandsklasse-A 0607"]
[Site "Germany"]
[Date "2007.03.24"]
[Round "7.6"]
[White "Bergemann, Martin"]
[Black "Schlagbaum, Christoph"]
[Result "1-0"]
[WhiteElo "1900"]
[BlackElo "1600"]
[PlyCount "63"]
[EventDate "2006.09.23"]
[EventType "team"]
[EventRounds "9"]
[EventCountry "GER"]
[SourceTitle "EXT 2008"]
[Source "ChessBase"]
[SourceDate "2007.11.25"]
[SourceVersion "1"]
[SourceVersionDate "2007.11.25"]
[SourceQuality "1"]
[WhiteTeam "Raesfeld Erle"]
[BlackTeam "Ibbenbueren"]
[WhiteTeamCountry "GER"]
[BlackTeamCountry "GER"]

1. d4 d5 2. Nf3 Nf6 3. c4 c6 4. Qc2 h6 5. g3 Bg4 6. Ne5 e6 7. Nxg4 Nxg4 8. Bg2 Nd7 9. 0-0 dxc4 10. Qxc4 Nb6 11. Qd3 Bd6 12. e4 Bc7 13. b3 0-0 14. Bb2 h5 15. Qe2 Qg5 16. Nd2 Rfe8 17. a4 Rad8 18. a5 Nd7 19. e5 f6 20. f4 Qg6 21. Nf3 Nb8 22. Nh4 Qf7 23. h3 Nh6 24. Bf3 g6 25. Kh2 f5 26. Nxg6 Qxg6 27. Bxh5 Qh7 28. Bxe8 Rxe8 29. Kg2 Qd7 30. Qh5 Kh7 31. g4 fxg4 32. hxg4 1-0

[Event "Muensterland Verbandsklasse-A 0506"]
[Site "Germany"]
[Date "2005.09.03"]
[Round "1.3"]
[White "Luecke, Thomas"]
[Black "Schlagbaum, Christoph"]
[Result "1-0"]
[WhiteElo "1866"]
[BlackElo "1656"]
[PlyCount "95"]
[EventDate "2005.09.03"]
[EventType "team"]
[EventRounds "9"]
[EventCountry "GER"]
[SourceTitle "EXT 2006"]
[Source "ChessBase"]
[SourceDate "2005.11.24"]
[SourceVersion "1"]
[SourceVersionDate "2005.11.24"]
[SourceQuality "1"]
[WhiteTeam "Emsdetten Rochade"]
[BlackTeam "Ibbenbueren"]
[WhiteTeamCountry "GER"]
[BlackTeamCountry "GER"]

1. c4 c5 2. Nc3 g6 3. g3 Bg7 4. Bg2 e6 5. d3 Ne7 6. Bd2 Nbc6 7. Nf3 0-0 8. 0-0 d6 9. Rb1 Rb8 10. a3 b6 11. b4 cxb4 12. axb4 Bb7 13. Qa4 Nc8 14. b5 Ne5 15. Nxe5 Bxg2 16. Nxf7 Rxf7 17. Kxg2 Qd7 18. Na2 d5 19. Qb3 dxc4 20. Qxc4 Ne7 21. Rfc1 Rbf8 22. f3 Rc8 23. Qb3 Rff8 24. Nc3 Nf5 25. Qb4 Bd4 26. Ne4 Kg7 27. Bc3 Bxc3 28. Rxc3 Ne3+ 29. Kg1 Nd5 30. Qd4+ Kh6 31. Rc4 Rfd8 32. Rbc1 Rxc4 33. dxc4 Ne7 34. Qxd7 Rxd7 35. Kf2 Nf5 36. g4 Ne7 37. Ke3 Kg7 38. Nc3 Kf7 39. Rd1 Rxd1 40. Nxd1 Nc8 41. Kd4 Nd6 42. e4 Ke7 43. Nc3 Nf7 44. f4 Kd7 45. e5 Nd8 46. Ne4 Nf7 47. Nf6+ Ke7 48. Nxh7 1-0

[Event "Muensterland Verbandsliga 0405"]
[Site "Muensterland"]
[Date "2005.04.16"]
[Round "8.6"]
[White "Koenig, Holger"]
[Black "Schlagbaum, Christoph"]
[Result "0-1"]
[WhiteElo "1796"]
[BlackElo "1685"]
[PlyCount "38"]
[EventDate "2004.09.18"]
[EventType "team"]
[EventRounds "9"]
[EventCountry "GER"]
[SourceTitle "EXT 2006"]
[Source "ChessBase"]
[SourceDate "2005.11.24"]
[SourceVersion "1"]
[SourceVersionDate "2005.11.24"]
[SourceQuality "1"]
[WhiteTeam "Saerbeck"]
[BlackTeam "Ibbenbueren"]
[WhiteTeamCountry "GER"]
[BlackTeamCountry "GER"]

1. d4 d5 2. Nf3 Nf6 3. Bg5 Bg4 4. Nbd2 e6 5. Ne5 Be7 6. Nxg4 Nxg4 7. Bxe7 Qxe7 8. e4 Nf6 9. Bd3 dxe4 10. Nxe4 Nbd7 11. c3 c5 12. dxc5 Nxe4 13. Bxe4 Nxc5 14. Bf3 Rd8 15. Qe2 Nd3+ 16. Kf1 0-0 17. g3 b6 18. Kg2 Qg5 19. Rhd1 Nf4+ 0-1

[Event "Dortmund ABC Serie B-22"]
[Site "Dortmund"]
[Date "2004.10.22"]
[Round "4"]
[White "Gerke, Dieter"]
[Black "Schlagbaum, Christoph"]
[Result "1-0"]
[WhiteElo "1585"]
[BlackElo "1685"]
[PlyCount "55"]
[EventDate "2004.10.07"]
[EventType "tourn"]
[EventRounds "13"]
[EventCountry "GER"]
[SourceTitle "EXT 2006"]
[Source "ChessBase"]
[SourceDate "2005.11.24"]
[SourceVersion "1"]
[SourceVersionDate "2005.11.24"]
[SourceQuality "1"]

1. d4 d5 2. c4 c6 3. Nc3 Nf6 4. Nf3 e6 5. e3 Be7 6. Bd3 Nbd7 7. 0-0 0-0 8. e4 dxe4 9. Nxe4 Nxe4 10. Bxe4 Bf6 11. Be3 Qe7 12. Re1 Rd8 13. Qb3 e5 14. Rad1 Qf8 15. Bc2 b6 16. Ng5 g6 17. Ne4 exd4 18. Nxf6+ Nxf6 19. Bxd4 Nh5 20. Qf3 Bb7 21. Bc3 Rxd1 22. Rxd1 Rd8 23. g4 Rxd1+ 24. Qxd1 Nf4 25. Kf1 Ne6 26. Qd7 Bc8 27. Qxc6 Nc5 28. Qf6 1-0